Fundamentos de finanzas corporativas

Na minha lista:
Detalhes bibliográficos
Main Authors: Ross, Stephen A (Author), Westerfield, Randolph W (Author), Jordan, Bradford D (Author)
Formato: Livro
Idioma:espanhol
Publicado em: Cuernavaca, México McGraw-Hill 2010
Edição:9a. ed
Assuntos:
Acesso em linha:Disponible Online
Tags: Adicionar Tag
Sem tags, seja o primeiro a adicionar uma tag!

MARC

LEADER 00000cam a2200000 a 4500
001 UCG5072
003 CL-VaPUC
005 20241114122533.0
008 101230e20100000MX |||||||||||||||||spa|d
999 |c 343644  |d 343642 
020 |a 9786071502988 
040 |c Pontificia Universidad Católica de Valparaíso 
082 0 4 |a 658.151 ROS 2010  |2 21 
100 0 |a Ross, Stephen A  |e author  |9 554614 
245 1 0 |a Fundamentos de finanzas corporativas 
250 |a 9a. ed 
260 |a Cuernavaca, México   |b McGraw-Hill  |c 2010 
300 |a 882 páginas  
583 |a last modification  |c 20111118 09:21:21  |k Rodrigo Vera 
650 0 |a Empresas  |9 893446  |x Finanzas 
650 0 |a Planificación financiera  |2 CL-VaPUC  |9 334413 
650 0 |a Costes de capital  |9 889506 
650 0 |a Riesgo financiero  |9 366193 
650 0 |a Control presupuestario  |9 345693 
700 0 |a Westerfield, Randolph W  |e author  |9 554615 
700 0 |a Jordan, Bradford D  |e author  |9 554616 
852 |a BIBCUR 
856 |u http://bibliografiaobligatoria.pucv.cl.pucv.idm.oclc.org/index.php/bibliotecapucv/catalog/book/119  |y Disponible Online  
942 |c BK  |2 ddc 
945 |d 20101230 00:00:00  |a dcastane 
952 |0 0  |1 0  |4 0  |6 658_151000000000000_ROS_2010  |7 0  |8 R  |9 441104  |a BIBENE  |b BIBENE  |d 2019-11-22  |i 4745086  |l 1  |o 658.151 ROS 2010  |p 4745086  |r 2025-01-15  |s 2023-06-14  |w 2019-11-22  |y BK_R  |k ICO 
952 |0 0  |1 0  |4 0  |6 658_151000000000000_ROS_2010  |7 0  |8 A  |9 441105  |a BIBING  |b BIBING  |d 2019-11-22  |i 4803272  |l 3  |o 658.151 ROS 2010  |p 4803272  |r 2025-01-20  |s 2022-03-22  |w 2019-11-22  |y BK  |k EII 
952 |0 0  |1 0  |3 erb  |4 0  |6 658_151000000000000_ROS_2010  |7 0  |8 A  |9 441106  |a BIBING  |b BIBING  |i 5112850  |l 2  |m 2  |o 658.151 ROS 2010  |p 5112850  |r 2025-01-20  |s 2023-03-10  |w 2019-11-22  |y BK  |z Catalogado en:20140905  |k EII 
952 |0 0  |1 0  |3 erb  |4 0  |6 658_151000000000000_ROS_2010  |7 0  |8 A  |9 441107  |a BIBING  |b BIBING  |i 5112869  |l 2  |o 658.151 ROS 2010  |p 5112869  |r 2025-01-20  |s 2022-03-22  |w 2019-11-22  |y BK  |z Catalogado en:20140905  |k EII 
952 |0 0  |1 0  |3 erb  |4 0  |6 658_151000000000000_ROS_2010  |7 0  |8 A  |9 441108  |a BIBING  |b BIBING  |i 5112877  |o 658.151 ROS 2010  |p 5112877  |r 2025-01-20  |w 2019-11-22  |y BK  |z Catalogado en:20140905  |k EII 
952 |0 0  |1 0  |3 erb  |4 0  |6 658_151000000000000_ROS_2010  |7 0  |8 A  |9 441109  |a BIBING  |b BIBING  |i 5112885  |l 1  |o 658.151 ROS 2010  |p 5112885  |r 2025-01-20  |s 2023-08-07  |w 2019-11-22  |y BK  |z Catalogado en:20140905  |k EII 
952 |0 0  |1 0  |3 erb  |4 0  |6 658_151000000000000_ROS_2010  |7 0  |8 A  |9 441110  |a BIBING  |b BIBING  |i 5112893  |l 2  |o 658.151 ROS 2010  |p 5112893  |r 2025-01-20  |s 2022-03-22  |w 2019-11-22  |y BK  |z Catalogado en:20140905  |k EII